000 004940000a22001690004500
041 0 _aENG
082 0 4 _aG 270.81 P776k
100 1 _aPollock, J. C. (John Charles)
245 1 0 _aThe keswick story : The autorized history of the Keswick Convention / J. C. Pollock
260 _aLondon, Great Britain : Hodder & Stoughton
300 _a192 Pag
001 8339
942 _cBK
999 _c38512
_d38512
336 _atexto
_btxt
_2rdacontent
337 _2rdamedia
_asin mediación
_bn
338 _2rdacarrier
_avolumen
_bnc